000 00681nam a2200265Ia 4500
001 5613
005 20240113233840.0
007 ta
008 050621s1992 g b000 u eng u
020 _a0-333-14522-4
040 _aCotton College Assam
041 _aeng
082 _a823.9
_bGr 75 Gu
100 _aGravil, Richard .
245 0 _aGulliver`s Travels: A CaseBook /
_cRichard Gravil.
_hTextual Documents
250 _a1st ed. /
260 _aLondon :
_bMacmillan Press ,
_c1992.
300 _a256p. ;
_c22cm.
504 _aIndex
653 _aEnglish-Fiction-Essays
942 _2ddc
_cBK
999 _c5600
_d5600